The financing of politics : Latin America and European perspectives /

Bibliographic Details
Other Authors: Malamud, Carlos, Posada Carbó, Eduardo
Format: Book
Language:English
Published: London : Institute for the Study of the Americas, [2005?]
Subjects:

MARC

Tag First Indicator Second Indicator Subfields
LEADER 00000pam a2200000 a 4500
001 in00002076813
005 20151102134323.0
008 050330q2005 enka b 000 0 eng
015 |a GBA529755  |2 bnb 
016 7 |a 013170950  |2 Uk 
020 |a 1900039648 (cased) 
020 |a 1900039591 (pbk.) 
035 |a (OCoLC)ocm58999744 
040 |a UKM  |c UKM  |d PIT  |d BAKER  |d UtOrBLW 
042 |a ukblsr 
049 |a TXAM 
050 1 4 |a JF2112.C28  |b F56 2005 
082 0 4 |a 324.78  |2 22 
245 0 4 |a The financing of politics :  |b Latin America and European perspectives /  |c edited by Carlos Malamud and Eduardo Posada-Carbó. 
264 1 |a London :  |b Institute for the Study of the Americas,  |c [2005?] 
300 |a xiv, 266 pages :  |b illustrations ;  |c 23 cm. 
336 |a text  |b txt  |2 rdacontent 
337 |a unmediated  |b n  |2 rdamedia 
338 |a volume  |b nc  |2 rdacarrier 
504 |a Includes bibliographical references. 
650 0 |a Campaign funds  |z Europe. 
650 0 |a Campaign funds  |z Latin America. 
650 0 |a Campaign funds  |v Cross-cultural studies. 
700 1 |a Malamud, Carlos. 
700 1 |a Posada Carbó, Eduardo. 
945 |i PromptCat 
947 |a A14832704548 
994 |a 92  |b TXA 
948 |a cataloged  |b h  |c 2005/10/20  |d c  |e rbarron  |f 9:47:18 am 
999 |a MARS 
999 f f |s fe6ba62d-12ae-3299-b30a-568844a2ade5  |i bd41c384-5d1d-3a0e-b7c3-370d0c09aa4e  |t 0 
952 f f |p ric  |a Texas A&M University  |b Rellis Campus  |c Joint Library Facility  |d Remote Storage  |t 0  |e JF2112.C28 F56 2005  |h Library of Congress classification  |i unmediated -- volume  |m A14832704548 
998 f f |a JF2112.C28 F56 2005  |t 0  |l Remote Storage